[Event "Moravia-ch8 corr9800"]
[Site "Czech Republic"]
[Date "1998.??.??"]
[Round "84"]
[White "Kaminek, Jaroslav"]
[Black "Geryk, Miroslav"]
[Result "0-1"]
[WhiteElo "2137"]
[BlackElo "2120"]
[PlyCount "78"]
[EventDate "1998.??.??"]
[EventType "tourn (corr)"]
[EventRounds "16"]
[EventCountry "CZE"]
[SourceTitle "Corr 2002"]
[Source "ChessBase"]
[SourceDate "2002.05.23"]
[SourceVersion "1"]
[SourceVersionDate "2002.05.23"]
[SourceQuality "1"]

1. e4 c5 2. c3 Nf6 3. e5 Nd5 4. d4 cxd4 5. cxd4 d6 6. Nf3 Nc6 7. Bc4 Nb6 8. Bb5 dxe5 9. Nxe5 Bd7 10. Bxc6 Bxc6 11. Nxc6 bxc6 12. 0-0 e6 13. Nc3 Be7 14. Re1 Nd5 15. Qg4 0-0 16. Bf4 Nxf4 17. Qxf4 Rb8 18. Rab1 Bf6 19. Red1 Rb4 20. Ne2 Qb6 21. Qc1 Rb8 22. Rd3 Qa6 23. Rd2 Qxa2 24. Ra1 Qd5 25. Rxa7 Bg5 26. f4 Bf6 27. Rc7 Bxd4+ 28. Kh1 Rc4 29. Qd1 c5 30. Nxd4 Rxd4 31. Rxc5 Rxd2 32. Rxd5 Rxd5 33. Qc2 Rd4 34. g3 Rdb4 35. Qc5 R4b5 36. Qc7 Rxb2 37. Qe5 h6 38. Kg1 R8b3 39. Qe4 Ra3 0-1

[Event "Moravia-ch8 corr9800"]
[Site "Czech Republic"]
[Date "1998.??.??"]
[Round "10"]
[White "Kaminek, Jaroslav"]
[Black "Mejzlik, Zdenek"]
[Result "1/2-1/2"]
[WhiteElo "2137"]
[BlackElo "2235"]
[PlyCount "46"]
[EventDate "1998.??.??"]
[EventType "tourn (corr)"]
[EventRounds "16"]
[EventCountry "CZE"]
[SourceTitle "Corr 2002"]
[Source "ChessBase"]
[SourceDate "2002.05.23"]
[SourceVersion "1"]
[SourceVersionDate "2002.05.23"]
[SourceQuality "1"]

1. e4 e5 2. Nc3 Nc6 3. Bc4 Nf6 4. d3 Na5 5. Nge2 Nxc4 6. dxc4 Bc5 7. 0-0 h6 8. Ng3 d6 9. Qd3 Bd7 10. Be3 Bxe3 11. Qxe3 b6 12. b3 0-0 13. h3 Qe7 14. f4 exf4 15. Rxf4 Rae8 16. Raf1 Nh7 17. Nd5 Qd8 18. Nf5 Bxf5 19. Rxf5 c6 20. Nc3 Re6 21. Qg3 Nf6 22. Rd1 Qe7 23. Rf3 Rd8 1/2-1/2

[Event "Moravia-ch8 corr9800"]
[Site "Czech Republic"]
[Date "1998.??.??"]
[Round "2"]
[White "Kaminek, Jaroslav"]
[Black "Ryska, Jiri"]
[Result "0-1"]
[WhiteElo "2137"]
[BlackElo "2195"]
[PlyCount "46"]
[EventDate "1998.??.??"]
[EventType "tourn (corr)"]
[EventRounds "16"]
[EventCountry "CZE"]
[SourceTitle "Corr 2002"]
[Source "ChessBase"]
[SourceDate "2002.05.23"]
[SourceVersion "1"]
[SourceVersionDate "2002.05.23"]
[SourceQuality "1"]

1. e4 e5 2. Nc3 Nf6 3. f4 d5 4. fxe5 Nxe4 5. d3 Nxc3 6. bxc3 Nc6 7. d4 Qh4+ 8. Ke2 Bg4+ 9. Nf3 f6 10. exf6 Qxf6 11. Be3 Bd6 12. Rb1 0-0 13. Kf2 Rae8 14. Be2 Qh4+ 15. g3 Qe7 16. Qd3 Qf7 17. Qd1 Re6 18. Rf1 Qh5 19. h4 Rfe8 20. Bf4 Rxe2+ 21. Qxe2 Rxe2+ 22. Kxe2 Qf5 23. Bd2 Qe4+ 0-1

[Event "Moravia-ch8 corr9800"]
[Site "Czech Republic"]
[Date "1998.??.??"]
[Round "69"]
[White "Koci, Tomas"]
[Black "Kaminek, Jaroslav"]
[Result "1-0"]
[WhiteElo "2271"]
[BlackElo "2137"]
[PlyCount "53"]
[EventDate "1998.??.??"]
[EventType "tourn (corr)"]
[EventRounds "16"]
[EventCountry "CZE"]
[SourceTitle "Corr 2002"]
[Source "ChessBase"]
[SourceDate "2002.05.23"]
[SourceVersion "1"]
[SourceVersionDate "2002.05.23"]
[SourceQuality "1"]

1. e4 e5 2. Nf3 Nc6 3. Bb5 a6 4. Ba4 d6 5. 0-0 Bg4 6. h3 h5 7. d4 b5 8. Bb3 Nxd4 9. hxg4 hxg4 10. Ng5 Nh6 11. f4 d5 12. Bxd5 Bc5 13. Be3 Qd6 14. Re1 0-0-0 15. b4 Bb6 16. a4 c6 17. c3 exf4 18. Bxd4 cxd5 19. axb5 axb5 20. Na3 dxe4 21. Nxb5 Qc6 22. Qa4 Kb8 23. Nxe4 f3 24. Bxb6 Qxb6+ 25. Nc5 f2+ 26. Kxf2 Rd2+ 27. Kg1 1-0

[Event "Moravia-ch8 corr9800"]
[Site "Czech Republic"]
[Date "1998.??.??"]
[Round "1.8"]
[White "Votypka, Miroslav"]
[Black "Kaminek, Jaroslav"]
[Result "1-0"]
[WhiteElo "2305"]
[BlackElo "2137"]
[PlyCount "59"]
[EventDate "1998.??.??"]
[EventType "tourn (corr)"]
[EventRounds "16"]
[EventCountry "CZE"]
[SourceTitle "Corr 2002"]
[Source "ChessBase"]
[SourceDate "2002.05.23"]
[SourceVersion "1"]
[SourceVersionDate "2002.05.23"]
[SourceQuality "1"]

1. e4 e5 2. Nf3 Nc6 3. Bb5 a6 4. Ba4 d6 5. c3 f5 6. exf5 Bxf5 7. 0-0 Bd3 8. Re1 Be7 9. Bc2 Bxc2 10. Qxc2 Nf6 11. d4 0-0 12. d5 Nb8 13. Ng5 Qd7 14. c4 c6 15. Nc3 Bd8 16. Ne6 Re8 17. Bg5 cxd5 18. cxd5 Be7 19. Re3 Rc8 20. Bxf6 Bxf6 21. Qf5 Rc4 22. Ne4 Qe7 23. Rh3 h6 24. Rxh6 Rxe4 25. Qh7+ Kf7 26. Qxe4 gxh6 27. Qh7+ Ke8 28. Qg8+ Kd7 29. Rc1 Nc6 30. Qxa8 1-0